000 00437nam a2200169Ia 4500
003 GCL
008 140319s9999 xx 000 0 ara d
040 _aGCL /
_cGCL
082 0 4 _aط
_b813.087
_bع ك
100 1 _aعبدالاله رؤوف
245 1 0 _aكتاب الالغاز /
_cعبدالاله رؤوف
300 _a94 ص
490 _a100 قصة
_v0
650 0 4 _aالاطفال
650 0 4 _aالالغاز
942 _2ddc
_cBK
999 _c44573
_d44573